<?xml version="1.0" encoding="UTF-8"?>
<record
    xmlns:xsi="http://www.w3.org/2001/XMLSchema-instance"
    xsi:schemaLocation="http://www.loc.gov/MARC21/slim http://www.loc.gov/standards/marcxml/schema/MARC21slim.xsd"
    xmlns="http://www.loc.gov/MARC21/slim">

  <leader>00603nam a22001817a 4500</leader>
  <datafield tag="999" ind1=" " ind2=" ">
    <subfield code="c">80719</subfield>
    <subfield code="d">80719</subfield>
  </datafield>
  <controlfield tag="008">210215b           ||||| |||| 00| 0 eng d</controlfield>
  <datafield tag="040" ind1=" " ind2=" ">
    <subfield code="a">STAFF</subfield>
    <subfield code="b">ger</subfield>
    <subfield code="c">STAFF</subfield>
    <subfield code="e">rda</subfield>
  </datafield>
  <datafield tag="041" ind1=" " ind2=" ">
    <subfield code="a">ger</subfield>
  </datafield>
  <datafield tag="100" ind1=" " ind2=" ">
    <subfield code="a">Kr&#xFC;ger, Christin:</subfield>
  </datafield>
  <datafield tag="245" ind1=" " ind2=" ">
    <subfield code="a">'versetzen' in Heinrich von Kleists "&#xDC;ber das Marionettentheater".</subfield>
    <subfield code="b">Versuch &#xFC;ber ein Wort /</subfield>
    <subfield code="c">Christin Kr&#xFC;ger</subfield>
  </datafield>
  <datafield tag="653" ind1=" " ind2=" ">
    <subfield code="a">Kleist, Heinrich von</subfield>
  </datafield>
  <datafield tag="653" ind1=" " ind2=" ">
    <subfield code="a">&#xDC;ber das Marionettentheater</subfield>
  </datafield>
  <datafield tag="773" ind1=" " ind2=" ">
    <subfield code="d">Frankfurt (Oder): Kleist-Museum</subfield>
    <subfield code="g">Heft 2020, S. 40-48</subfield>
    <subfield code="t">Gedanken-striche</subfield>
    <subfield code="w">17028</subfield>
  </datafield>
  <datafield tag="942" ind1=" " ind2=" ">
    <subfield code="c">A</subfield>
  </datafield>
  <datafield tag="952" ind1=" " ind2=" ">
    <subfield code="0">0</subfield>
    <subfield code="1">0</subfield>
    <subfield code="4">0</subfield>
    <subfield code="7">0</subfield>
    <subfield code="9">79166</subfield>
    <subfield code="a">StAFF</subfield>
    <subfield code="b">StAFF</subfield>
    <subfield code="c">GEN</subfield>
    <subfield code="d">2021-02-15</subfield>
    <subfield code="l">0</subfield>
    <subfield code="o">II: 4551</subfield>
    <subfield code="r">2021-02-15 00:00:00</subfield>
    <subfield code="w">2021-02-15</subfield>
    <subfield code="y">A</subfield>
  </datafield>
</record>
